| Tag |
First Indicator |
Second Indicator |
Subfields |
| LEADER |
00000cam a2200000 i 4500 |
| 001 |
in00003838921 |
| 005 |
20211120182251.0 |
| 006 |
m o d f |
| 007 |
cr mn||||||||| |
| 008 |
161217s1964 dcua ob f000 0 eng c |
| 019 |
|
|
|a 891574906
|
| 035 |
|
|
|a (OCoLC)ocn966417303
|
| 040 |
|
|
|a OCLCE
|b eng
|e rda
|e pn
|c OCLCE
|d COP
|d OCLCF
|d OCLCQ
|d GPO
|d MvI
|d UtOrBLW
|
| 042 |
|
|
|a dlr
|a pcc
|
| 049 |
|
|
|a WWW
|
| 074 |
|
|
|a 0624 (online)
|
| 086 |
0 |
|
|a I 19.16:473-A
|
| 100 |
1 |
|
|a Barnes, Ivan,
|d 1931-
|e author.
|0 http://id.loc.gov/authorities/names/n50017812
|
| 245 |
1 |
0 |
|a Geochemistry of ground water in mine drainage problems /
|c by Ivan Barnes and F.E. Clarke.
|
| 246 |
1 |
7 |
|a Mining hydrology
|
| 264 |
|
1 |
|a Washington :
|b U.S. Department of the Interior, Geological Survey,
|c 1964.
|
| 300 |
|
|
|a 1 online resource (iii, A6 pages) :
|b illustrations.
|
| 336 |
|
|
|a text
|b txt
|2 rdacontent
|
| 337 |
|
|
|a computer
|b c
|2 rdamedia
|
| 338 |
|
|
|a online resource
|b cr
|2 rdacarrier
|
| 490 |
1 |
|
|a Geological Survey professional paper ;
|v 473-A
|
| 588 |
|
|
|a Description based on online resource; title from PDF title page (USGS viewed May 18, 2017).
|
| 504 |
|
|
|a Includes bibliographical references (pages A5-A6).
|
| 650 |
|
0 |
|a Acid mine drainage.
|0 http://id.loc.gov/authorities/subjects/sh85000522
|
| 650 |
|
0 |
|a Water chemistry.
|0 http://id.loc.gov/authorities/subjects/sh85145539
|
| 650 |
|
7 |
|a Acid mine drainage.
|2 fast
|
| 650 |
|
7 |
|a Water chemistry.
|2 fast
|
| 700 |
1 |
|
|a Clarke, Frank Eldridge,
|d 1913-
|e author.
|0 http://id.loc.gov/authorities/names/n82032816
|
| 710 |
2 |
|
|a Geological Survey (U.S.),
|e issuing body.
|0 http://id.loc.gov/authorities/names/n80092173
|
| 776 |
0 |
8 |
|i Print version:
|a Barnes, Ivan, 1931-.
|t Geochemistry of ground water in mine drainage problems
|w (DLC) 72605503
|w (OCoLC)66465
|
| 830 |
|
0 |
|a Geological Survey professional paper ;
|v 473-A.
|0 http://id.loc.gov/authorities/names/n42012105
|
| 856 |
4 |
0 |
|u https://purl.fdlp.gov/GPO/gpo80827
|t 0
|
| 999 |
f |
f |
|s 6bb924ef-309a-31b7-9879-b59cae44d694
|i 81657809-381f-38bd-96ee-f3211c62b9a7
|t 0
|
| 952 |
f |
f |
|a Texas A&M University
|b College Station
|c Electronic Resources
|d Available Online
|t 0
|e I 19.16:473-A
|h Superintendent of Documents classification
|
| 998 |
f |
f |
|a I 19.16:473-A
|t 0
|l Available Online
|